Don Giovanni

Hlavní autor: Gazzaniga, Giuseppe, 1743-1818
Korporativní autor: Tafelmusik Baroque Orchestra
Další autoři: Wildhaber, Helmut, 1947-, Allemano, Carlo, 1966-, Furlanetto, Ferruccio, 1949-, Johnson, Douglas, 1958-, Scharinger, Anton, 1959-, Serra, Luciana, 1946-, Szmytka, Elżbieta, 1956-, Tilli, Johann, 1967-, Weil, Bruno, 1949-, Kammerchor Stuttgart
Jazyk: Italština
Vydáno: [S.l.] : Sony Classical, p1991
Témata:
Fyzický popis: 1 CD : DDD ; 12 cm + 1 brožura (200 s.).
Zvukové nahrávky
Uloženo v:
LEADER 01721njm a2200409 a 4500
001 000292815
003 CZ BrMZK
005 20140825100008.0
008 010907s1991 xx f ita d
028 0 3 |a SK 46693  |b Sony Classical 
040 |a BOA001  |b cze 
080 |a 792.54(086.7)  |2 MRF 
080 |a 782.1(450)(086.7)  |2 MRF 
100 1 |a Gazzaniga, Giuseppe,  |d 1743-1818  |7 js20020204013  |4 cmp 
245 1 0 |a Don Giovanni  |h [zvukový záznam] /  |c Giuseppe Gazzaniga. 
260 |a [S.l.] :  |b Sony Classical,  |c p1991 
300 |a 1 CD :  |b DDD ;  |c 12 cm +  |e 1 brožura (200 s.). 
500 |a Text a libreto v brožuře vícejaz. 
500 |a Nahr. neuv 
500 |a Durata neuv 
511 0 |a Douglas Johnson, zpěv; Luciana Serra, zpěv; Elzbieta Szmytka, zpěv...[et al.]. Kammerchor Stuttgart; Tafelmusic Baroque Orchestra, dir. Bruno Weil. 
653 0 |a italské operní texty  |a opery 
700 1 |a Wildhaber, Helmut,  |d 1947-  |7 mzk2009512234  |4 prf 
700 1 |a Allemano, Carlo,  |d 1966-  |7 mzk2003201780  |4 prf 
700 1 |a Furlanetto, Ferruccio,  |d 1949-  |7 pna2008467068  |4 prf 
700 1 |a Johnson, Douglas,  |d 1958-  |7 mzk2014835190  |4 prf 
700 1 |a Scharinger, Anton,  |d 1959-  |7 mzk2014835198  |4 prf 
700 1 |a Serra, Luciana,  |d 1946-  |7 pna2005307310  |4 soprán 
700 1 |a Szmytka, Elżbieta,  |d 1956-  |7 xx0154055  |4 prf 
700 1 |a Tilli, Johann,  |d 1967-  |7 mzk2014835200  |4 prf 
700 1 |a Weil, Bruno,  |d 1949-  |7 xx0035992  |4 cnd 
710 2 |a Tafelmusik Baroque Orchestra  |4 prf 
710 2 |a Kammerchor Stuttgart  |7 osa2010530966  |4 prf 
910 |a BOA001  |b CD-0002.170 
964 |a Opery  |x texty italské  |x CD 
990 |a AV 
996 6 |b 261H002202  |c CD-0002.170  |l MZK  |r Sklad / do 24 hodin  |n 0  |w 000292815  |u 000010  |a 1  |e BOA001  |j MZK50  |s P